Diccionario filológico de literatura medieval española (Record no. 54705)

MARC details
000 -LEADER
campo de control de longitud fija 01039nam a2200277 i 4500
001 - NÚMERO DE CONTROL
campo de control 54705
003 - IDENTIFICADOR DE NÚMERO DE CONTROL
campo de control ES-MaACL
005 - FECHA Y HORA DE LA ÚLTIMA TRANSACCIÓN
campo de control 20250720091902.0
007 - CAMPO FIJO DE DESCRIPCIÓN FÍSICA--INFORMACIÓN GENERAL
campo de control de longitud fija t|
008 - DATOS DE LONGITUD FIJA--INFORMACIÓN GENERAL
campo de control de longitud fija 040112s2002 sp d |||| | spa d
020 ## - NÚMERO INTERNACIONAL ESTÁNDAR DEL LIBRO
Número Internacional Estándar del Libro 84-9740-018-6
080 ## - NÚMERO DE LA CLASIFICACIÓN DECIMAL UNIVERSAL
Número de la Clasificación Decimal Universal 821.134.2.09"12/14"(038)
100 1# - ENTRADA PRINCIPAL--NOMBRE DE PERSONA
Nombre de persona Alvar, Carlos.
9 (RLIN) 20579
245 10 - MENCIÓN DEL TÍTULO
Título Diccionario filológico de literatura medieval española
Resto del título : textos y transmisión /
Mención de responsabilidad, etc. Carlos Alvar, José Manuel Lucía Megías.
260 ## - PUBLICACIÓN, DISTRIBUCIÓN, ETC.
Lugar de publicación, distribución, etc. Madrid :
Nombre del editor, distribuidor, etc. Castalia,
Fecha de publicación, distribución, etc. 2002.
300 ## - DESCRIPCIÓN FÍSICA
Extensión XXX, 1178 p. ;
Dimensiones 26 cm.
490 1# - MENCIÓN DE SERIE
Mención de serie Nueva biblioteca de erudición y crítica ;
Designación de volumen o secuencia 21
500 ## - NOTA GENERAL
Nota general Índices.
504 ## - NOTA DE BIBLIOGRAFÍA, ETC.
Nota de bibliografía, etc. Bibliografía: p. XXVI-XXX.
650 14 - PUNTO DE ACCESO ADICIONAL DE MATERIA--TÉRMINO DE MATERIA
Término de materia o nombre geográfico como elemento de entrada Literatura española-
Subdivisión cronológica Hasta S.XV-
Subdivisión general Crítica textual-
Subdivisión de forma Diccionarios.
9 (RLIN) 162603
650 #4 - PUNTO DE ACCESO ADICIONAL DE MATERIA--TÉRMINO DE MATERIA
Término de materia o nombre geográfico como elemento de entrada Manuscritos españoles-
Subdivisión de forma Catálogos colectivos.
9 (RLIN) 162604
700 1# - ENTRADA AGREGADA--NOMBRE PERSONAL
Nombre de persona Lucía Megías, José Manuel,
Fechas asociadas al nombre 1967-
9 (RLIN) 240291
830 0# - PUNTO DE ACCESO ADICIONAL DE SERIE-TÍTULO UNIFORME
Título uniforme Nueva biblioteca de erudición y crítica ;
Designación de volumen o secuencia 21
9 (RLIN) 180432
852 ## - LOCALIZACIÓN
Ubicación ES-MaACL
Número de control de estantería L-26752
Holdings
Estatus retirado Estado de pérdida Estado de daño No para préstamo Colección Biblioteca de origen Biblioteca actual Ubicación en estantería Fecha de adquisición Fuente de adquisición Total de préstamos Signatura topográfica completa Código de barras Visto por última vez Precio de reemplazo Tipo de ítem Koha
        Colección de referencia Biblioteca del Ateneo de Madrid Biblioteca del Ateneo de Madrid Depósito 2 17/01/2008     L-26752 1057484 23/02/2023 23/02/2023 Libro impreso